Penja't una medalla! : fent esport sempre hi guanyes fent esport sempre hi guanyes
Descripción Física:
1 punt de llibre ; il. col. ; 6 x 20 cm.
Materias:
Penja't una medalla -- campanya
; Esports -- Barcelona (Catalunya : Província)
; Punts de llibre
Idioma:
Catalán
MARC
| LEADER | 00000nrm a22000007a 4500 | ||
|---|---|---|---|
| 001 | 27227 | ||
| 003 | Arxiu | ||
| 005 | 20260324181149.0 | ||
| 008 | 230109b spa||||| |||| 00| 0 cat d | ||
| 017 | |a B 4085-2015 | ||
| 040 | |a agdb |b cat | ||
| 041 | |a cat | ||
| 245 | |a Penja't una medalla! : |b fent esport sempre hi guanyes | ||
| 260 | |a Barcelona : |b Diputació de Barcelona ; |c 2015 | ||
| 300 | |a 1 punt de llibre ; |b il. col. ; |c 6 x 20 cm. | ||
| 610 | 0 | |9 52897 |a Penja't una medalla |e campanya | |
| 650 | 0 | |a Esports |z Barcelona (Catalunya : Província) |9 34361 | |
| 655 | 0 | |9 52700 |a Punts de llibre | |
| 710 | 1 | |9 51838 |a Barcelona (Catalunya : Província). |b Gabinet de Premsa i Comunicació | |
| 942 | |2 udc |c ARXIU |n 1 | ||
| 952 | |0 0 |1 0 |2 udc |4 0 |6 NBM16147 |7 1 |9 64969 |a Arxiu |b Arxiu |d 2023-01-09 |l 0 |o NBM-16-147 |p 27227 |r 2023-01-09 00:00:00 |w 2023-01-09 |y ARXIU | ||
| 999 | |c 82929 |d 82929 | ||